000
00311nam a22001457a 4500
008
210311b ||||| |||| 00| 0 eng d
020
_a
2900030509680
041
_a
eng
080
_a
91
082
_a
91
100
_a
42
101
_a
GJEO
245
_a
World Geography Today
_c
Sager, R. J
942
_2
udc
_c
BK
999
_c
56294
_d
56294